000 00732nam a22002177a 4500
003 OSt
005 20250919003718.0
008 250919b |||||||| |||| 00| 0 eng d
020 _a 978-1-284-28350-1
040 _aDWC-Main lib
_cOC
082 _2 Fifth
_aCirc. 610.730 D311n 2022
100 _aMcGonigle, Dee
245 _a Nursing Informatics and the Foundation of knowledge/
_cDee Mcgonigle
250 _a Fifth
260 _aBerlington:
_bJones & Bartleth Learning,
_cc2022
300 _axxii, 677 Pages:
_bIllustration;
_c23cm.
504 _aincludes bibliographical reference, glossary and index.
650 _a1. Nursing informatics
700 _aKathleen Garver Mastrian
942 _2ddc
_cBK-CIRC
_e Fifth
_kCirc.
_n0
999 _c4480
_d4480